Cinéma Les chansons des films "Camping" - Statistiques

Statistiques générales
  • Ce quiz a été pris 19 fois
  • Le résultat moyen est 13 sur 31
Statistiques - réponses
Hint Extra Hint Réponse % Correct
J'ai encore rêvé d'elle Camping 2 Il était une fois
82%
Les sunlights des tropiques Camping Gilbert Montagné
76%
Tomber la chemise Camping 2 Zebda
76%
Daddy Cool Camping Boney M.
71%
Les démons de minuit Camping Images
65%
Over the rainbow Camping 3 Judy Garland
65%
L'amour à la plage Camping Niagara
65%
Dragostea din tei Camping 2 O-Zone
65%
Le Rital Camping 1 & 2 Claude Barzotti
59%
Quand je t'aime Camping 3 Demis Roussos
59%
Ma Beauté Camping 3 Gims
53%
La Belle vie Camping 1 & 2 Sacha Distel
53%
Madame Camping Claude Barzotti
47%
Nuit de folie Camping Début de soirée
47%
La salsa du démon Camping Grand orchestre du Splendid
47%
L'Apérobic Camping Les Charlots
47%
Mes mains sur tes hanches Camping 2 Adamo
35%
Now you're gone Camping 2 Basshunter
29%
Il est vraiment phénoménal Camping Phenomenal club
29%
Lady Lay Camping Pierre Groscolas
29%
California girls Camping David Lee Roth
24%
Gentil dauphin triste Camping 2 Gérard Lenormand
24%
Alone again Camping 2 Gilbert O'Sullivan
24%
Amor, amor, amor Camping Julio Iglesias
24%
La petite valse Camping 3 Gérard Lenorman
18%
Depuis l'année dernière Camping Joe Dassin
18%
Horny 98 Camping 2 Mousse T.
18%
Dolce vita Camping Ryan Paris
12%
Vamos a bailar Camping 2 Gipsy king
6%
Dolannes Melody Camping 2 Jean-Claude Borely
6%
Le chant des solitaires Camping 2 Claude Barzotti
0%
Aucun quiz correspondant
Distribution des résultats
% des personnes avec chaque résultat
Percentile par nombre de réponses
Votre historique - résultats
Vous n’avez pas pris ce quiz